00445nam a22001217a 450000500170000002000250001703700080004224500860005026000310013627000980016730000320026570000260029720120102104631.0 a9788128629969c60.00 bPUB aRipley's believe it or not!:cby Sheri Bell Rehwoldt...(et al) banimal antics / aMumbai bEuro Books c2011 aDani Corporat e Park, First Floor, 158, Vidyanagari Marg, Kalina, SantacruzbMumbaie400098 aunpages bill.c21cm(pbk)  aBell-Rehwoldt, Sheri